000
00262nam a2200121Ia 4500
082
_a
615.4
_b
D11R
100
_a
RAJE, V.N.
245
_a
DNUGS STORE AND BUSINESS MANAGEMENT
260
_b
CBS- DELHI
300
_a
160
650
_a
PHARMACEUTICS
942
_2
ddc
_c
BK
999
_c
7220
_d
7220